Giudicare i vescovi : (Record n. 30874)

Dettagli MARC
000 -LEADER
fixed length control field 00846nam a2200265 i 4500
003 - CONTROL NUMBER IDENTIFIER
control field IT-RoINE
005 - DATE AND TIME OF LATEST TRANSACTION
control field 20190613065257.0
008 - FIXED-LENGTH DATA ELEMENTS--GENERAL INFORMATION
fixed length control field 070328s2007 it |r 001|||ita|d
020 ## - INTERNATIONAL STANDARD BOOK NUMBER
International Standard Book Number 9788842082606
040 ## - CATALOGING SOURCE
Transcribing agency IT-RoINE
Modifying agency IT-RoINE
041 #7 - LANGUAGE CODE
Language code of text/sound track or separate title ita
Source of code ISO-639-2
100 1# - MAIN ENTRY--PERSONAL NAME
Personal name Bonora, Elena
9 (RLIN) 52203
245 10 - TITLE STATEMENT
Title Giudicare i vescovi :
Remainder of title la definizione dei poteri nella Chiesa postridentina /
Statement of responsibility, etc Elena Bonora.
260 ## - PUBLICATION, DISTRIBUTION, ETC. (IMPRINT)
Place of publication, distribution, etc Roma [etc.] :
Name of publisher, distributor, etc Laterza,
Date of publication, distribution, etc 2007.
300 ## - PHYSICAL DESCRIPTION
Extent XX, 343 p. ;
Dimensions 21 cm.
336 ## - CONTENT TYPE
Source rdacontent
Content type term text
337 ## - MEDIA TYPE
Source rdamedia
Media type term unmediated
338 ## - CARRIER TYPE
Source rdacarrier
Carrier type term volume
490 1# - SERIES STATEMENT
Series statement Quadrante Laterza ;
Volume number/sequential designation 137
500 ## - GENERAL NOTE
General note Incluye índice.
504 ## - BIBLIOGRAPHY, ETC. NOTE
Bibliography, etc Bibliografía: p. 297-[322].
610 24 - SUBJECT ADDED ENTRY--CORPORATE NAME
9 (RLIN) 52298
Corporate name or jurisdiction name as entry element Iglesia Católica
General subdivision Historia
Chronological subdivision Siglo 16o.
830 #0 - SERIES ADDED ENTRY--UNIFORM TITLE
Uniform title Quadrante Laterza ;
Volume number/sequential designation 137
9 (RLIN) 44847
942 ## - ADDED ENTRY ELEMENTS (KOHA)
Item type Monografías
Dati di copia
Withdrawn status Lost status Damaged status Not for loan Home library Current library Date acquired Total Checkouts Full call number Barcode Date last seen Price effective from Koha item type
        Iglesia Nacional Española en Roma Iglesia Nacional Española en Roma 13/06/2019   HIS.ECL 2 57201 13/06/2019 13/06/2019 Monografías